New Histories of The Andaman Islands: (Record no. 216743)

MARC details
000 -LEADER
fixed length control field 00763nam a22002057a 4500
005 - DATE AND TIME OF LATEST TRANSACTION
control field 20260618124304.0
010 ## - LCCN (DPL NO)
LC control number ENG-148885
020 ## - INTERNATIONAL STANDARD BOOK NUMBER
International Standard Book Number 9781316634943
Terms of availability 495.00
035 ## - SYSTEM CONTROL NUMBER
System control number EN-132417
037 ## - SOURCE OF ACQUISITION
Source of stock number/acquisition DBAD/PUB
082 ## - DEWEY DECIMAL CLASSIFICATION NUMBER
Classification number 915.36804
100 ## - MAIN ENTRY--PERSONAL NAME
Personal name Anderson, Clare
245 ## - TITLE STATEMENT
Title New Histories of The Andaman Islands:
Statement of responsibility, etc Clare Anderson, Madhumita Mazumdar [and] Vishvajit Pandya
Remainder of title Landscape, Place and Identity in the Bay of Bengal, 1790-2012/
260 ## - PUBLICATION, DISTRIBUTION, ETC. (IMPRINT)
Place of publication, distribution, etc New Delhi
Name of publisher, distributor, etc Cambridge University Press
Date of publication, distribution, etc 2016
270 ## - ADDRESS
Address 4843/24, 2nd Floor, Ansari Road, Daryaganj,
City New Delhi
Postal code 110002
300 ## - PHYSICAL DESCRIPTION
Extent 324p.
Dimensions 22.5cm(Pb);
700 ## - ADDED ENTRY--PERSONAL NAME
9 (RLIN) 89435
Personal name Mazumdar, Madhumita
700 ## - ADDED ENTRY--PERSONAL NAME
Personal name Pandya, Vishvajit
9 (RLIN) 72140
942 ## - ADDED ENTRY ELEMENTS (KOHA)
Source of classification or shelving scheme Dewey Decimal Classification
Item type English Books
Classification part 915.36804
Call number suffix AND
Holdings
Withdrawn status Lost status Not for loan Collection code Home library Current library Date acquired Source of acquisition Cost, normal purchase price Full call number Barcode Copy number Cost, replacement price Koha item type
    Not For Loan Non-fiction D.B.Act.Division D.B.Act.Division 18/06/2026 DBAD 495.00 915.36804 AND EN-132417 1 495.00 English Books

© Delhi Public Library
Hit Counter
free hit counter